Έλληνες ζωγράφοι και γλύπται του εικοστού αιώνος
Αποθηκεύτηκε σε:
| Μορφή: | Βιβλίο |
|---|---|
| Γλώσσα: | Greek |
| Δημοσίευση: |
Αθήναι :
Αθηναϊκό Κέντρο Εκδόσεων,
1974
|
| Θέματα: | |
| Ετικέτες: |
Προσθήκη ετικέτας
Δεν υπάρχουν, Καταχωρήστε ετικέτα πρώτοι!
|
MARC
| LEADER | 00000cam a2200000 i 4500 | ||
|---|---|---|---|
| 001 | 1/83925 | ||
| 008 | 970318s1974 gre d | ||
| 035 | |a 1989 |b 3 |c Δωρεά |l 10034317 | ||
| 040 | |a GR-MY-UA |b gre |e aacr | ||
| 041 | 0 | |a gre | |
| 082 | 0 | |a 709.495 | |
| 245 | 1 | 0 | |a Έλληνες ζωγράφοι και γλύπται του εικοστού αιώνος |
| 260 | |a Αθήναι : |b Αθηναϊκό Κέντρο Εκδόσεων, |c 1974 | ||
| 300 | |a 82 σ. | ||
| 500 | |a Άνω του τίτλου: Πνευματικό Κέντρο Δήμου Αθηναίων - Πινακοθήκη | ||
| 500 | |a Κατάλογος έργων της έκθεσης που φιλοξενείται στις αίθουσες του "Πνευματικού Κέντρου" του Δήμου Αθηναίων | ||
| 650 | 0 | 0 | |a Painters |z Greece |y 20th century. |
| 650 | 0 | 0 | |a Sculptors |z Greece |y 20th century. |
| 852 | |a INST |b RHODES |e 19970318 |h 709.495 ΕΛΛ |p 005400010343 |q 005400010343 |t BK |y 0 | ||
| 970 | |z 2000/08/ΔΕΜΕΝΑΓΑΣ ΠΕΤΡΟΣ | ||